MARC

Tag First Indicator Second Indicator Subfields
LEADER 00000ctm a2200000 a 4500
001 in00005665521
008 880801s1988 xx a bm 000 0 eng d
005 20251013130026.2
035 |a (OCoLC)ocm18295658  
040 |a IYU  |b eng  |c IYU  |d OCLCQ  |d OCLCF  |d OCLCQ  |d OCLCO  |d IBD  |d OCLCO  |d OCLCQ  |d OCLCO  |d OCL  |d OCLCA  |d OCLCO  |d OCLCQ  |d OCL  |d OCLCO 
035 |a (OCoLC)18295658 
050 4 |a RK66  |b .B38 1988 A53 
100 1 |a Anderson, Douglas M. 
245 1 2 |a A clinical evaluation of temporomandibular joint disk plication surgery /  |c by Douglas M. Anderson, D.D.S. 
264 0 |c 1988. 
300 |a ix, 94 leaves :  |b illustrations ;  |c 29 cm 
336 |a text  |b txt  |2 rdacontent 
337 |a unmediated  |b n  |2 rdamedia 
338 |a volume  |b nc  |2 rdacarrier 
500 |a Includes abstract and vita. 
502 |b M.S.  |c Baylor University  |d 1988 
504 |a Includes bibliographical references (leaves 79-88). 
650 0 |a Temporomandibular joint  |x Surgery. 
650 0 |a Jaws  |x Surgery. 
650 0 |a Costen's syndrome. 
650 2 |a Temporomandibular Joint  |x surgery 
650 2 |a Temporomandibular Joint Dysfunction Syndrome 
650 2 |a Orthognathic Surgical Procedures 
650 4 |a Thesis Collection. 
650 6 |a Mâchoires  |x Chirurgie. 
650 6 |a Syndrome de Costen. 
650 7 |a Costen's syndrome  |2 fast 
650 7 |a Jaws  |x Surgery  |2 fast 
650 7 |a Temporomandibular joint  |x Surgery  |2 fast 
655 2 |a Academic Dissertation 
655 7 |a dissertations.  |2 aat 
655 7 |a Academic theses  |2 fast 
655 7 |a Academic theses.  |2 lcgft 
655 7 |a Thèses et écrits académiques.  |2 rvmgf 
994 |a Z0  |b TXA 
948 |h HELD BY TXA - 3 OTHER HOLDINGS 
999 f f |s f2f81ef3-e63c-49fd-b153-13918b12e010  |i b9fa5b93-c0f2-4013-b934-f10c55682585  |t 0